Google Typing Challenge Quiz Stats

 Plays Quiz Updated Aug 14, 2017

Also try: Typing Challenge
Challenge
Share
Tweet
Embed
Score 0/42 Timer 01:00
13 Plays Today
What To Type: Typed: % Correct
????
100%
????
99.3%
????
98.8%
????
98.5%
????
98%
????
97.6%
????
97.3%
????
96.9%
????
96.6%
????
96.3%
????
96%
????
95.6%
????
95.2%
????
94.6%
????
94%
????
93.5%
????
93%
????
92.4%
????
91.6%
????
90.6%
????
89.5%
What To Type: Typed: % Correct
????
88.1%
????
86.8%
????
85.5%
????
83.7%
????
81.9%
????
79.8%
????
77.4%
????
74%
????
70.7%
????
67%
????
62.6%
????
57.1%
????
51.9%
????
47.2%
????
42%
????
37.1%
????
31%
????
26%
????
19.8%
????
14.2%
????
8%

You're not logged in!

Compare scores with friends on all Sporcle quizzes.
OR
Log In

You Might Also Like...

Show Comments

Extras

Top Quizzes Today


Score Distribution

Your Account Isn't Verified!

In order to create a playlist on Sporcle, you need to verify the email address you used during registration. Go to your Sporcle Settings to finish the process.

Report this User

Report this user for behavior that violates our Community Guidelines.

Details: